Unikernel and its applications in endpoint devices in IoT
Enregistré dans:
| Auteur principal: | |
|---|---|
| Autres auteurs: | |
| Format: | Manuscrit Livre |
| Langue: | slovaque anglais |
| Publié: |
2019
|
| Sujets: | |
| Accès en ligne: | http://is.stuba.sk/zp/portal_zp.pl?podrobnosti=136100 |
| Tags: |
Pas de tags, Soyez le premier à ajouter un tag!
|
MARC
| LEADER | 00000ntm a22000003a 4500 | ||
|---|---|---|---|
| 001 | stuzp75061 | ||
| 003 | SK-STU | ||
| 005 | 20190729161135.3 | ||
| 007 | ta | ||
| 008 | 150427s2015----xo-----f-mn---000-0-slo-d | ||
| 040 | |a STU |b slo | ||
| 041 | 0 | |a eng | |
| 044 | |a xo | ||
| 100 | 1 | |a Beňová, Lenka |u 070400 |4 aut |U FIIT Fakulta informatiky a informačných technológií |T FIIT Ústav počítačového inžinierstva a aplikovanej informatiky |X 85770 |U I400 |Y 672 |7 85770 | |
| 242 | 0 | 1 | |a Unikernel a jeho využitie v koncových zariadeniach v Internete vecí |y slo |
| 245 | 1 | 0 | |a Unikernel and its applications in endpoint devices in IoT |
| 260 | |c 2019 | ||
| 650 | 4 | |a Knižničné operačné systémy |2 slo | |
| 650 | 4 | |a IncludeOS |2 slo | |
| 650 | 4 | |a Unikernel |2 slo | |
| 650 | 4 | |a Internet vecí |2 slo | |
| 650 | 4 | |a Operačné systémy |2 slo | |
| 650 | 4 | |a Library operating systems |2 eng | |
| 650 | 4 | |a Operating systems |2 eng | |
| 650 | 4 | |a IoT |2 eng | |
| 650 | 4 | |a IncludeOS |2 eng | |
| 650 | 4 | |a Unikernel |2 eng | |
| 700 | 1 | |a Csóka, Tibor |4 ths |X 56382 |7 A000056382 | |
| 856 | 4 | |u http://is.stuba.sk/zp/portal_zp.pl?podrobnosti=136100 | |
| 996 | |c I*BAP63/19 |l II680 |s P |a 0 |w stuzp75061_0001 | ||